|
|
|
|
| LEADER |
00000nab a2200000 a 4500 |
| 001 |
vtls000245440 |
| 003 |
SK-MaSNL |
| 005 |
20260304170353.0 |
| 008 |
150501c1986 xo 0 slo |
| 015 |
|
|
|a SNBRB19rr/mm-uuuuu
|
| 035 |
|
|
|a CL0255554
|
| 040 |
|
|
|a SNKBUCL
|b slo
|c SNKBUCL
|e AACR2
|
| 041 |
0 |
|
|a slo
|
| 044 |
|
|
|a xo
|c SK
|
| 080 |
|
|
|a 327.37
|2 1981
|
| 080 |
|
|
|a 329.15(437)
|2 1981
|
| 080 |
|
|
|a 329.15(430.2)
|2 1981
|
| 080 |
|
|
|a 329.15(430.1)
|2 1981
|
| 080 |
|
|
|a 623.459
|2 1981
|
| 245 |
0 |
0 |
|a Zo strednej Európy odstrániť chemické zbrane
|b V Prahe sa včera uskutočnilo stretnutie predstaviteľov KSČ, SED a SPD
|
| 650 |
0 |
7 |
|a ČSSR
|2 snkbucl
|9 335647
|
| 650 |
0 |
7 |
|a Spolková republika Nemecko
|2 snkbucl
|9 514854
|
| 650 |
0 |
7 |
|a chemické zbrane
|2 snkbucl
|9 3906
|
| 651 |
|
7 |
|a Nemecká demokratická republika
|2 snkbucl
|9 74579
|
| 655 |
|
7 |
|a články z novín a časopisov
|2 snkbucl
|9 267496
|
| 773 |
0 |
|
|t Pravda
|g Roč. 67, č. 111 (14. 5. 1986), s. 1 a 2
|
| 850 |
|
|
|a Slovenská národná knižnica v Martine
|a MTA001
|
| 852 |
|
|
|a SNK
|b KIS3GCP
|
| 958 |
|
|
|a RK
|
| 958 |
|
|
|a DE
|
| 992 |
|
|
|a RBX
|
| 999 |
|
|
|c 2988397
|d 2990327
|